000 05449nam a22005537a 4500
005 20091214102819.0
008 091214t xxu||||| |||| 00| 0 eng d
010 _aB-369372-397 B-421027
020 _a9788184082166
_c130.00
035 _aB-369372-397 B-421027
037 _bIndiana Publishing House
040 _adpl
_bEnglish
082 _aS
100 _aTwain, Mark
_921260
245 _aThe Prince and the Pauper /
_cby Mark Twain ; adapted by Karl Stuart
260 _aNew Delhi
_bIndiana Publishing House
_c2010
270 _a2/13, Ansari Road, Darya Ganj,
_bNew Delhi
_e110002
300 _ax, 242p.:
_b ill.
_c24cm(Hb)
490 _aIndiana Illustrated classics
_921261
942 _2ddc
_cCH
_mTWA
_hS
999 _c32704
_d32704